Machine Design: (Record no. 157582)

MARC details
000 -LEADER
fixed length control field 00635nam a22002057a 4500
005 - DATE AND TIME OF LATEST TRANSACTION
control field 20180920122025.0
010 ## - LCCN (DPL NO)
LC control number ENG-124003
020 ## - INTERNATIONAL STANDARD BOOK NUMBER
International Standard Book Number 9789353062408
Terms of availability 899.00
035 ## - SYSTEM CONTROL NUMBER
System control number EN-107535
037 ## - SOURCE OF ACQUISITION
Source of stock number/acquisition DBAD/PUB
082 ## - DEWEY DECIMAL CLASSIFICATION NUMBER
Classification number 621.815
100 ## - MAIN ENTRY--PERSONAL NAME
Personal name Norton, Robert L.
245 ## - TITLE STATEMENT
Title Machine Design:
Statement of responsibility, etc by Robert L. Norton
Remainder of title an integrated approach /
250 ## - EDITION STATEMENT
Edition statement 5th ed.
260 ## - PUBLICATION, DISTRIBUTION, ETC. (IMPRINT)
Place of publication, distribution, etc Noida
Name of publisher, distributor, etc Pearson
Date of publication, distribution, etc 2018
270 ## - ADDRESS
Address 15th Floor, Tower B, Worls Trade Tower, Plot No.1, Block -C
City Noida (UP)
Postal code 201301
300 ## - PHYSICAL DESCRIPTION
Extent xxvii,1059p.
Dimensions 25cm.(pbk)
Other physical details ill.
500 ## - GENERAL NOTE
General note It include index
942 ## - ADDED ENTRY ELEMENTS (KOHA)
Source of classification or shelving scheme Dewey Decimal Classification
Item type English Books
Classification part 621.815
Call number suffix NOR
Holdings
Withdrawn status Lost status Not for loan Collection code Home library Current library Date acquired Source of acquisition Cost, normal purchase price Full call number Barcode Copy number Cost, replacement price Koha item type
    Not For Loan Non-fiction D.B.Act.Division Bawana 19/09/2018 DBAD/PUB 899.00 621.815 NOR EN-107535 1 899.00 English Books

© Delhi Public Library
Hit Counter
free hit counter